Normal view MARC view
  • Renard, Jules,

Entry Nombre Personal

Number of records used in: 1

001 - NUMERO DE CONTROL

  • campo de control: 58947

003 - IDENTIFICADOR DE NUMERO DE CONTROL

  • campo de control: MX-MxUPN

005 - FECHA Y HORA DE LA ÜLTIMA TRANSACCIÓN

  • campo de control: 20260306095814.0

008 - DATOS DE LONGITUD FIJA

  • campo de control de longitud fija: 260306nn acnnnaabn a aaa d

040 ## - FUENTE DE CATALOGACIÓN

  • Agencia original de catalogación: MX-MxUPN
  • Lenguaje de catalogación: spa

100 1# - ENCABEZAMIENTO - NOMBRE PERSONAL

  • Nombre personal: Renard, Jules,
  • Fechas asociadas con el nombre: 1813-1877

400 1# - VEÁSE - NOMBRE DE PERSONA

  • Personal name: Renard, J. (Jules),
  • Dates associated with a name: 1813-1877

400 1# - VEÁSE - NOMBRE DE PERSONA

  • Personal name: Renard, Jules-Pierre,
  • Dates associated with a name: 1813-1877

400 1# - VEÁSE - NOMBRE DE PERSONA

  • Personal name: Renard, M. (Jules),
  • Dates associated with a name: 1813-1877

670 ## - FUENTE EN LA QUE SE LOCALIZARON DATOS

  • Cita de la fuente: Autoridades LC, 6 marzo 2025 :
  • Información localizada: (Renard, Jules, 1813-1877; Renard, J. (Jules), 1813-1877; Renard, Jules-Pierre, 1813-1877; Renard, M. (Jules), 1813-1877)
  • Uniform Resource Identifier: https://lccn.loc.gov/no97033280

670 ## - FUENTE EN LA QUE SE LOCALIZARON DATOS

  • Cita de la fuente: Histoires naturelles, 1967 :
  • Información localizada: portada (Jules Renard)

902 ## - CATALOGADOR

  • Catalogador: VíctorGodínez/060326